Marriage married life and children (Record no. 6349)

MARC details
000 -LEADER
fixed length control field 00830 a2200217 4500
005 - DATE AND TIME OF LATEST TRANSACTION
control field 20080827145716.0
008 - FIXED-LENGTH DATA ELEMENTS--GENERAL INFORMATION
fixed length control field 080827t xxu||||| |||| 00| 0 eng d
010 ## - LIBRARY OF CONGRESS CONTROL NUMBER
LC control number ENG-87288
020 ## - INTERNATIONAL STANDARD BOOK NUMBER
Terms of availability 100.00
035 ## - SYSTEM CONTROL NUMBER
System control number EN-70821
037 ## - SOURCE OF ACQUISITION
Source of stock number/acquisition DBAD / PUB
082 ## - DEWEY DECIMAL CLASSIFICATION NUMBER
Classification number 133.5830681
100 ## - MAIN ENTRY--PERSONAL NAME
Personal name Krishnamurti, K.S.
245 ## - TITLE STATEMENT
Title Marriage married life and children
Statement of responsibility, etc by K.S. Krishnamurti
Remainder of title steller astrology
250 ## - EDITION STATEMENT
Edition statement 11th ed.
260 ## - PUBLICATION, DISTRIBUTION, ETC. (IMPRINT)
Place of publication, distribution, etc Chennai
Name of publisher, distributor, etc Krishnamurti Publications
Date of publication, distribution, etc 2006
270 ## - ADDRESS
Address F21-A, First floo0r, Spencer Plaza, 769, Anna Road
300 ## - PHYSICAL DESCRIPTION
Extent vii, 280 p.
Dimensions 21 cm ( pbk.)
942 ## - ADDED ENTRY ELEMENTS (KOHA)
Institution code [OBSOLETE] dpl
Koha item type English Books
Call number prefix 133.5830681/KRI
Source of classification or shelving scheme Dewey Decimal Classification
Classification part 133.5830681
Call number suffix KRI
Holdings
Withdrawn status Lost status Damaged status Not for loan Home library Current library Date acquired Cost, normal purchase price Total Checkouts Full call number Barcode Date last seen Copy number Uniform Resource Identifier Cost, replacement price Price effective from Koha item type
        D.B.Act.Division D.B.Act.Division 27/08/2008 100.00   133.5830681 KRI EN-70821 15/09/2008 1 6837 100.00 15/09/2008 English Books

© Delhi Public Library
Hit Counter
free hit counter